Pesticide biotransformation in plants and microorganisms: Similarities and divergences

Đã lưu trong:
Bibliografiske detaljer
Format: Bog
Sprog:Undetermined
Udgivet: Washington, DC American Chemical Society 2001
Fag:
Tags: Tilføj Tag
Ingen Tags, Vær først til at tagge denne postø!
Thư viện lưu trữ: Trung tâm Học liệu Trường Đại học Cần Thơ
LEADER 00732nam a2200193Ia 4500
001 CTU_57378
008 210402s9999 xx 000 0 und d
020 |b 2000000 
082 |a 572.42 
082 |b P476 
245 0 |a Pesticide biotransformation in plants and microorganisms: Similarities and divergences 
245 0 |c Edited by J. Christopher Hall, Robert E, Hoagland and Robert M. Zablơtưicz 
260 |a Washington, DC 
260 |b American Chemical Society 
260 |c 2001 
650 |a pesticides,pesticides,microbial enzymé,plant enzymes 
650 |x metabolism,congresses,metabolic detoxification,congresses,congresses,congresses 
904 |i Minh 
980 |a Trung tâm Học liệu Trường Đại học Cần Thơ